Catalog

Record Details

Catalog Search



The vile village / by Lemony Snicket ; ... Read More

Snicket, Lemony(Author).
Helquist, Brett.(Added Author).

Available copies

  • 6 of 6 copies available at LARL/NWRL Consortium.
  • 4 of 4 copies available at Northwest Regional Library. (Show)

Current holds

0 current holds with 6 total copies.

Show Only Available Copies
Location Call Number / Copy Notes Barcode Shelving Location Status Due Date
Godel Memorial-Warren Library j SNI (Text) 35500003866264 Main Available -
Red Lake Falls Public Library j SNI (Text) 35500003091715 Main Available -
Thief River Falls Public Library j SNI (Text) 35500003501622 Main Available -
Thief River Falls Public Library j SNI (Text) 35500005779523 Main Available -
Barnesville Public Library J SNI (Text) 33500013107271 Main Available -
Moorhead Public Library J SNI (Text) 33500014040265 Main Available -

Record details

  • ISBN: 0064408655
  • ISBN: 9780064408653
  • ISBN: 0060288906 (lib. bdg.)
  • Physical Description: 256 p. : ill. ; 18 cm.
  • Publisher: New York : HarperCollins, 2001.

Content descriptions

Summary, etc.:
Under a new government program based on the saying ... Read More
Subject: Orphans > Juvenile fiction.
Brothers and sisters > Juvenile fiction.
City and town life > Juvenile fiction.
Genre: Humorous stories.
LDR 01843cam a2200385Ia 4500
00135222
003LARL_NWRL_CONSORTIUM
00520240813143655.0
008001101s2001 nyua c 000 1 eng
020 . ‡a0064408655
020 . ‡a9780064408653
020 . ‡a0060288906 (lib. bdg.)
035 . ‡a(OCoLC)45460809
08200. ‡a[Fic] ‡221
099 . ‡aSni
1001 . ‡aSnicket, Lemony ‡0(LARL_NWRL_CONSORTIUM)128721
24514. ‡aThe vile village / ‡cby Lemony Snicket ; illustrations by Brett Helquist.
260 . ‡aNew York : ‡bHarperCollins, ‡c2001.
300 . ‡a256 p. : ‡bill. ; ‡c18 cm.
4900 . ‡aSeries of unfortunate events ; ‡v7
520 . ‡aUnder a new government program based on the saying "It takes a village to raise a child," the Baudelaire orphans are adopted by an entire town, with disastrous results.
650 0. ‡aOrphans ‡vJuvenile fiction. ‡0(LARL_NWRL_CONSORTIUM)166522
650 0. ‡aBrothers and sisters ‡vJuvenile fiction. ‡0(LARL_NWRL_CONSORTIUM)163775
650 0. ‡aCity and town life ‡vJuvenile fiction. ‡0(LARL_NWRL_CONSORTIUM)171475
655 0. ‡aHumorous stories.
7001 . ‡aHelquist, Brett. ‡0(LARL_NWRL_CONSORTIUM)128720
901 . ‡a35222 ‡bOCLC ‡c35222 ‡tbiblio

Additional Resources